000 03151cam a2200733 a 4500
999 _c55994
001 9712916
003 LIBRIS
005 20210216130913.0
008 041123s2004 sw |||||||||||000 0|swe|
020 _a9197461075
_qinb.
035 _a(Mo)b1543154
040 _aLGEN
_dNB
_ea
041 _aswe
082 0 4 _a636.8
_222 (machine generated)
084 _aQdfjb
_2kssb/7
084 _aQdfjb
_2kssb/8
084 _aQdfjb
_2kssb/7
100 1 _aJohansson, Anders,
_d1947-
_0https://libris.kb.se/31fhjqmm3d5lx4d#it
245 1 0 _aTuffe från början / Anders Johansson
246 1 5 _aTuffe
264 1 _aKalmar :
_bÄngö bok & bild :
_b[A. Johansson],
_c2004
264 3 _aVimmerby :
_bVTT grafiska
300 _a58, [2] s.
_bfärgill.
_c24 cm
340 _b24 cm
650 7 _aKatter
_0https://id.kb.se/term/sao/Katter
_2sao
650 0 _aCats
650 7 _aKatter
_0https://id.kb.se/term/sao/Katter
_2sao
653 _aHusdjur
655 4 _5Mo
_aBok
887 _a{"@id":"j1tshlzv3srqbvf","modified":"2019-06-12T17:11:42.559+02:00","checksum":"54301057449"}
_2librisxl
887 _a{"@id":"w176bgf249g0kt3","modified":"2008-08-20T12:15:29+02:00","checksum":"41852690882"}
_2librisxl
887 _a{"@id":"bgmgs5nh0cghjd2","modified":"2016-03-07T09:54:07+01:00","checksum":"36739982296"}
_2librisxl
887 _a{"@id":"chpmchmj5trn28d","modified":"2008-05-20T13:54:10+02:00","checksum":"42274793517"}
_2librisxl
887 _a{"@id":"9flfn98g0vhnpwx","modified":"2005-02-16T13:47:10+01:00","checksum":"52556843187"}
_2librisxl
887 _a{"@id":"djqqbmmk5111wrn","modified":"2009-03-03T14:22:07+01:00","checksum":"54142316519"}
_2librisxl
887 _a{"@id":"7cjbn91d16mtft7","modified":"2004-11-24T11:32:03+01:00","checksum":"39065620269"}
_2librisxl
887 _a{"@id":"sx3x40wz5q1gsvw","modified":"2005-02-01T13:21:19+01:00","checksum":"40388632766"}
_2librisxl
887 _a{"@id":"fkqjvh7l4wl9mmk","modified":"2004-11-24T11:32:43+01:00","checksum":"43716768692"}
_2librisxl
887 _a{"@id":"0494j6654cbb8px","modified":"2005-04-06T12:53:32+02:00","checksum":"38100483411"}
_2librisxl
942 _2z
_cBOOK